Tự học tiếng Anh (Lyuện nghe có băng cassette - song ngữ) = Learning English (A radio correspondence course for newcomers)
محفوظ في:
| المؤلف الرئيسي: | |
|---|---|
| التنسيق: | كتاب |
| اللغة: | Undetermined |
| منشور في: |
1993
|
| الموضوعات: | |
| الوسوم: |
إضافة وسم
لا توجد وسوم, كن أول من يضع وسما على هذه التسجيلة!
|
| Thư viện lưu trữ: | Trung tâm Học liệu Trường Đại học Cần Thơ |
|---|
| LEADER | 00543nam a2200157Ia 4500 | ||
|---|---|---|---|
| 001 | CTU_27404 | ||
| 008 | 210402s9999 xx 000 0 und d | ||
| 082 | |a 428 | ||
| 082 | |b T306 | ||
| 100 | |a Trình Tiến | ||
| 245 | 0 | |a Tự học tiếng Anh (Lyuện nghe có băng cassette - song ngữ) | |
| 245 | 0 | |b = Learning English (A radio correspondence course for newcomers) | |
| 245 | 0 | |c Trình Tiến | |
| 260 | |c 1993 | ||
| 650 | |a english language - study and teaching | ||
| 980 | |a Trung tâm Học liệu Trường Đại học Cần Thơ | ||